000 00614nam a2200193 4500
001 131238
003 ES-MaACL
005 20230906193938.0
007 t|
008 070214s1947 sp r ||||1| spa d
100 1 _aRodrigañez, Eduardo.
_998168
245 1 0 _aLecciones de geometría analítica y análisis vectorial.
_n1 /
_cEduardo Rodrigáñez.
260 _aMadrid :
_bRevista de Occidente,
_c1947.
300 _a3 v. :
_bil. ;
_c26 cm.
505 8 _aContiene: Fasc. I-III del v. 1
650 4 _aGeometría analítica.
_913100
650 4 _aAnálisis vectorial.
_9154292
852 _aES-MaACL
_jE-3268-70
999 _c131238
_d131238